| 000 | 00616cam a2200193 4500500 | ||
|---|---|---|---|
| 005 | 20260329002002.0 | ||
| 041 | _afre | ||
| 042 | _adc | ||
| 100 | 1 | 0 |
_aTruong, Nicolas _eauthor |
| 245 | 0 | 0 | _aLucien Jerphagnon: “À quatre ans, j’ai découvert l’absolu” |
| 260 | _c2010. | ||
| 500 | _a3 | ||
| 690 | _aAbsolu | ||
| 690 | _aContingence | ||
| 690 | _aLucien Jerphagnon | ||
| 690 | _aPhilosophie antique | ||
| 786 | 0 | _nPhilosophie magazine | 36 | 2 | 2010-02-01 | p. 19-20 | 1951-1787 | |
| 856 | 4 | 1 | _uhttps://shs.cairn.info/magazine-philosophie-magazine-2010-2-page-19?lang=fr&redirect-ssocas=7080 |
| 999 |
_c1810529 _d1810529 |
||